Gazaria baseline survey Volume I & II.

Bibliographic Details
Corporate Author: Bangladesh Rural Advancement Committee, Research and Evaluation Division
Format: Book
Language:English
Published: Dacca : Research and Evaluation Division, Bangladesh Rural Advancement Committee, 1982.
Subjects:
Classic Catalogue: View this record in Classic Catalogue
LEADER 01228nam a22002297a 4500
001 29260
003 BD-DhAAL
005 20260128105632.0
008 150809s1982 bg ||||| |||| 00| 0 eng d
040 |a BD-DhAAL  |c BD-DhAAL 
082 |a 305.42095492  |2 22 
245 |a Gazaria baseline survey  |g 1981,  |n Volume I & II. 
260 |a Dacca :  |b Research and Evaluation Division, Bangladesh Rural Advancement Committee,  |c 1982. 
300 |a 111 pages :  |c 34 cm. 
541 |a Complimentary copy from BRAC  |e 29260 
650 |a BRAC (Bangladesh Rural Advancement Committee).  |9 7235 
710 |a Bangladesh Rural Advancement Committee,  |b Research and Evaluation Division.  |9 12971 
852 |a Ayesha Abed Library  |b General Stacks 
942 |2 ddc  |c BK 
999 |c 35173  |d 35173 
952 |0 0  |1 0  |2 ddc  |4 0  |6 305_420954920000000_GAZ  |7 1  |8 RPT  |9 55144  |a BRACUL  |b BRACUL  |c BRS  |d 2015-08-09  |e Complimentary copy from BRAC  |l 0  |o 305.42095492 GAZ  |p 3010029260  |r 2015-08-09  |t 1  |w 2015-08-09  |y BK  |x BRAC ; price not available in register 
952 |0 0  |1 0  |2 ddc  |4 0  |6 305_420954920000000_GAZ  |7 1  |8 RPT  |9 55148  |a BRACUL  |b BRACUL  |c BRS  |d 2015-08-09  |e Complimentary copy from BRAC  |l 1  |o 305.42095492 GAZ  |p 3010029259  |r 2025-12-30  |s 2025-03-24  |t 2  |w 2015-08-09  |y BK  |x BRAC ; price not available in register